000 01584nam2a2200241 4500
001 rc\3056044
005 20260315071420.0
035 _a(NLR Aleph) 007209059
090 _a13630967
_c13630967
100 _a20111011d1950 u y0rusy50 ca
101 0 _arus
102 _aRU
105 _ay z |||||
200 1 _aОграничитель к сверлильно-долбежному станку для безразметочного сверления гнезд
_fПредложение Н.И. Гахова
210 _d1950
461 0 _1001rc\3056011
_12001#$aРекомендованные изобретения, технические усовершенствования$eРИ-26-41-$fСССР. Нар. ком. по строительству. Техн. упр. бюро по изобретательству. Наркомстрой$v394-50
_97663011
_aСССР. Министерство строительства предприятий металлургической и химической промышленности
_c[Москва]
_d[1941]-[1957]
_fСССР. Нар. ком. по строительству. Техн. упр. бюро по изобретательству. Наркомстрой
_n[Стройиздат]
_oРИ-26-41-
_tРекомендованные изобретения, технические усовершенствования
_v394-50
700 1 _aЧарторийская
_bП.Г.
702 1 _aГахов
_bН.И.
_4570
801 0 _aRU
_bNLR
_gpsbo
801 1 _aRU
_bELAR
_2rusmarc
852 _aNLR
_jТ80 Г-4/1206
942 _cUNSPEC
980 _aNB